FLUID MECHANICS (Record no. 14360)

MARC details
000 -LEADER
fixed length control field 00333nam a22001577a 4500
003 - CONTROL NUMBER IDENTIFIER
control field SGT
020 ## - INTERNATIONAL STANDARD BOOK NUMBER
International Standard Book Number 978-81-317-2140-7
082 ## - DEWEY DECIMAL CLASSIFICATION NUMBER
Classification number 532
Item number DOU
100 ## - MAIN ENTRY--PERSONAL NAME
Personal name DOUGLAS,JOHN.F
245 ## - TITLE STATEMENT
Title FLUID MECHANICS
250 ## - EDITION STATEMENT
Edition statement 5TH
260 ## - PUBLICATION, DISTRIBUTION, ETC. (IMPRINT)
Place of publication, distribution, etc NOIDA(U.P)
Name of publisher, distributor, etc PEARSON
Year of Publication 2009
300 ## - PAGE DESCRIPTION
No. of Pages 958
650 ## - SUBJECT ADDED ENTRY--TOPICAL TERM
Topical term or geographic name as entry element CIVIL ENGINEERING
942 ## - ADDED ENTRY ELEMENTS (KOHA)
Source of classification or shelving scheme Dewey Decimal Classification
Koha item type Books
Holdings
Withdrawn status Lost status Source of classification or shelving scheme Damaged status Not for loan Collection code Home library Current library Shelving location Date acquired Vendor Name Cost, normal purchase price SGTU Bill Number Total Checkouts Full call number Accession No. (Barcode) Date last seen Date last borrowed Bill Date Koha item type
    Dewey Decimal Classification     ENGINEERING SGT Engineering Library SGT Engineering Library Text Book 01/01/2018 KIRTI PRAKASHAN (NEW DELHI ) 775.00 SGTU 1297 1 532 DOU FE6886 26/09/2018 06/09/2018   Books
    Dewey Decimal Classification     ENGINEERING SGT Engineering Library SGT Engineering Library Text Book 01/01/2018 KIRTI PRAKASHAN (NEW DELHI ) 775.00 SGTU 1297   532 DOU FE6887 01/01/2018     Books
    Dewey Decimal Classification     ENGINEERING SGT Engineering Library SGT Engineering Library Text Book 01/01/2018 KIRTI PRAKASHAN (NEW DELHI ) 775.00 SGTU 1297 1 532 DOU FE6888 26/09/2018 12/09/2018   Books
    Dewey Decimal Classification     ENGINEERING SGT Engineering Library SGT Engineering Library Text Book 01/01/2018 KIRTI PRAKASHAN (NEW DELHI ) 775.00 SGTU 1297   532 DOU FE6889 01/01/2018     Books
    Dewey Decimal Classification     ENGINEERING SGT Engineering Library SGT Engineering Library Text Book 01/01/2018 KIRTI PRAKASHAN (NEW DELHI ) 775.00 SGTU 1297 1 532 DOU FE6890 06/04/2026 06/04/2026   Books